000 00296nam a2200121Ia 4500
008 240731s9999 xx 000 0 und d
022 _a2326-8271
245 0 _aVoice and Speech Review
260 _bRoutledge
856 _uhttps://www.tandfonline.com/loi/rvsr20
942 _2ddc
942 _cTFEJ
999 _c80263
_d80263
945 _a1
_bMadushi Gamage
_c1
_dMadushi Gamage